| 000 | 00367 a2200145 4500 | ||
|---|---|---|---|
| 082 | _a620.106WHI | ||
| 090 |
_c4428 _d4428 |
||
| 100 | _aWhite, Frank M | ||
| 245 |
_aFluid mechanics, 5th Ed _cFrank M White, |
||
| 250 | _a5 | ||
| 260 |
_aNY _bMcGraw Hill _c2003 |
||
| 300 |
_axv, 866 p. _bphotocopy |
||
| 500 | _aBE textbook Aerospace | ||
| 942 |
_aNUST-CAE _k620.106WHI |
||
| 999 |
_c361715 _d361715 |
||